Les grands événements de 1975 à 1979 - Statistiques

Statistiques générales
  • Ce quiz a été pris 2 fois
  • Le résultat moyen est 20 sur 75
Statistiques - réponses
Question Réponse % Correct
20 novembre - Mort du général Franco 1975
100%
Juan Carlos devient roi d'Espagne le 22 novembre 1975
100%
Le Soviétique Andréï Sakharov, prix Nobel de la Paix le 9 octobre 1975
100%
Sortie de l'album Hôtel California des Eagles le 8 décembre 1976
100%
25 décembre - Mort de Charlie Chaplin 1977
100%
9 octobre - Mort de Jacques Brel 1978
100%
Marée noire dans le golfe du Mexique le 3 juin 1979
100%
Le divorce par consentement mutuel est autorisé en France. le 11 juillet 1975
50%
Indépendance de Sao Tomé et Principe le 12 juillet 1975
50%
17 mars - Mort de Luchino Visconti 1976
50%
Indépendance des Seychelles le 29 juin 1976
50%
Séisme de Tangshan en Chine - magnitude 8 - 240000 morts le 28 juillet 1976
50%
9 août - Naissance d'Audrey Tautou 1976
50%
16 juin -Emeutes de Soweto en Afrique-du-Sud - 618 morts 1976
50%
15 novembre - Mort de Jean Gabin 1976
50%
Sortie de Star Wars en France le 19 octobre 1977
50%
27 mars - Collision de deux avions à Tenerife aux Canaries - 582 morts 1977
50%
La Belgique est découpée en régions flamande, wallonne et Bruxelles-capitale le 25 mai 1977
50%
5 novembre - Mort de René Goscinny 1978
50%
28 septembre - Mort du pape Jean-Paul 1er 1978
50%
Accords de Camp David entre l'Egypte et Israël le 17 septembre 1978
50%
Anouar el-Sadate et Menahem Begin, prix Nobel de la Paix le 27 octobre 1978
50%
Sacre de l'empereur Bokassa à Bangui le 4 décembre 1978
50%
Mort de Claude François le 11 mars 1978
50%
16 octobre - Election du pape Jean-Paul II 1978
50%
6 août - Mort du pape Paul VI 1978
50%
Intervention soviétique en Afghanistan le 27 décembre 1979
50%
28 mars - Accident nucléaire à Three Mile Island aux Etats-Unis 1979
50%
27 août - Mort de Louis Mountbatten dans un attentat commis par l'IRA 1979
50%
Indépendance de Kiribati le 12 juillet 1979
50%
4 novembre - Début de l'occupation de l'ambassade américaine à Téhéran - 66 otages 1979
50%
4 mai - Margaret Thatcher devient 1er ministre 1979
50%
Jean-Claude Borelly compose Dolannes Melody le 14 août 1975
0%
Indépendance du Cap-vert le 5 juillet 1975
0%
Création de Microsoft le 4 avril 1975
0%
Indépendance du Mozambique du Portugal le 25 juin 1975
0%
Chute de Saigon le 30 avril 1975
0%
Indépendance du Suriname le 25 novembre 1975
0%
25 mars Assassinat du roi Fayçal en Arabie saoudite 1975
0%
Indépendance de l'Angola du Portugal le 11 novembre 1975
0%
Le Dahomey devient le Bénin le 30 novembre 1975
0%
Indépendance des Comores le 6 juillet 1975
0%
Annexion du Timor oriental par l'Indonésie lz 24 juin 1976
0%
28 janvier - Sortie des Dents de la mer en France 1976
0%
12 avril - Naissance de Jérôme Commandeur 1976
0%
2 novembre - Election de Jimmy Carter, président des Etats-Unis 1976
0%
Johnny Hallyday chante Gabrielle le 3 septembre 1976
0%
9 septembre - Mort de Mao Zedong 1976
0%
Catastrophe de Seveso en Italie le 10 juillet 1976
0%
12 janvier - Mort d'Agatha Christie 1976
0%
Indépendance de Djibouti le 27 juin 1977
0%
Dernier voyage Paris-Istanbul pour l'Orient-express le 19 mai 1977
0%
16 septembre - Mort de Maria Callas 1977
0%
L'ONU officialise la Journée internationale des droits de la femme le 8 mars 1977
0%
4 septembre - Mort de Jean Rostand, dramaturge 1977
0%
Dernière exécution capitale en France le 10 septembre 1977
0%
4 décembre - Création du Système Monétaire Européen 1978
0%
16 août - Mort d'Elvis Presley 1978
0%
4 mars - Séisme de Vrancea en Roumanie - 7.2 de magnitude - 1578 morts 1978
0%
Indépendance des Iles Salomon le 7 juillet 1978
0%
Naissance du 1er bébé éprouvette Louise Brown au Royaume-Uni le 25 juillet 1978
0%
Séisme de Tabas en Iran - 15000 morts le 16 septembre 1978
0%
Indépendance de la Dominique le 3 novembre 1978
0%
26 août - Election du pape Jean-Paul 1er 1978
0%
Indépendance de Tuvalu le 1er octobre 1978
0%
Suicide de 914 membres du Temple du soleil à Jamestown (Guyana) le 18 novembre 1978
0%
30 janvier - Libération de Françoise Claustre détenue dans le Tibesti au Tchad 1978
0%
Victoire de la révolution iranienne le 11 février 1979
0%
Traité de paix entre l'Egypte et Israël le 26 mars 1979
0%
Rupture du barrage de Morvi en Inde - entre 2000 et 15000 morts le 11 août 1979
0%
La Rhodésie devient le Zimbabwe-Rhodésie le 1er juin 1979
0%
La Chine et les Etats-Unis rétablissent des relations diplomatiques le 1er janvier 1979
0%
Début de l'ouragan David - 2000 morts en République dominicaine le 28 août 1979
0%
24 décembre - 1er vol de la fusée Ariane au départ de Kourou 1979
0%
Mère Térésa, prix Nobel de la Paix le 17 octobre 1979
0%
Aucun quiz correspondant
Distribution des résultats
% des personnes avec chaque résultat
Percentile par nombre de réponses
Votre historique - résultats
Vous n’avez pas pris ce quiz